[Event "Aragon-chT Honor Gr-B"]
[Site "Aragon"]
[Date "2019.03.09"]
[Round "7.30"]
[White "Cid Royo, Oscar"]
[Black "Lamas Mercadal, Manuel"]
[Result "0-1"]
[WhiteElo "2042"]
[BlackElo "2176"]
[PlyCount "80"]
[EventDate "2019.01.26"]
[EventType "team-tourn"]
[EventRounds "7"]
[EventCountry "ESP"]
[SourceTitle "EXT 2020"]
[Source "ChessBase"]
[SourceDate "2019.10.17"]
[SourceVersion "1"]
[SourceVersionDate "2019.10.17"]
[SourceQuality "1"]
[WhiteTeam "La Aurora Estadilla"]
[BlackTeam "Delicias"]
[WhiteTeamCountry "ESP"]
[BlackTeamCountry "ESP"]

1. d4 Nf6 2. Nf3 g6 3. g3 Bg7 4. Bg2 d6 5. b3 c5 6. Bb2 cxd4 7. Bxd4 Nc6 8. Bb2 0-0 9. 0-0 Qa5 10. Nbd2 Qh5 11. Re1 Bh3 12. Bh1 d5 13. c4 Rad8 14. cxd5 Rxd5 15. Qc1 Rc8 16. Nc4 Rc5 17. Ba3 Rd5 18. Rd1 Rxd1+ 19. Qxd1 Ne4 20. Bb2 Qc5 21. Qe1 Bxb2 22. Nxb2 Nb4 23. Nd3 Nxd3 24. exd3 Nf6 25. d4 Qc7 26. Ne5 Be6 27. Qe2 Bd5 28. Bxd5 Nxd5 29. Re1 Qc3 30. Kg2 Qxd4 31. Nxf7 Nc3 32. Qf3 Qd5 33. Rxe7 Qxf3+ 34. Kxf3 Rf8 35. Rxb7 Rxf7+ 36. Rxf7 Kxf7 37. a4 Ke6 38. Ke3 Kd5 39. Kd3 Ne4 40. f4 a5 0-1

[Event "Aragon-chT Honor Gr I"]
[Site "Aragon"]
[Date "2018.02.03"]
[Round "2.27"]
[White "Lamas Mercadal, Manuel"]
[Black "Palacios Latasa, Elias"]
[Result "1-0"]
[WhiteElo "2133"]
[BlackElo "2210"]
[PlyCount "81"]
[EventDate "2018.01.27"]
[EventType "team-tourn"]
[EventRounds "7"]
[EventCountry "ESP"]
[SourceTitle "EXT 2019"]
[Source "ChessBase"]
[SourceDate "2018.10.10"]
[SourceVersion "1"]
[SourceVersionDate "2018.10.10"]
[SourceQuality "1"]
[WhiteTeam "Delicias"]
[BlackTeam "El Olivar"]
[WhiteTeamCountry "ESP"]
[BlackTeamCountry "ESP"]

1. e4 Nf6 2. e5 Nd5 3. d4 d6 4. Nf3 Bg4 5. Be2 e6 6. h3 Bh5 7. c4 Nb6 8. exd6 cxd6 9. Nc3 Be7 10. d5 e5 11. g4 Bg6 12. h4 h6 13. Bd3 Bxd3 14. Qxd3 N8d7 15. Be3 Rc8 16. b3 Nc5 17. Bxc5 Rxc5 18. Nd2 Nd7 19. Nde4 Rc8 20. Rd1 Nf6 21. Nxf6+ Bxf6 22. Ne4 b6 23. Qf3 Be7 24. g5 hxg5 25. hxg5 Rxh1+ 26. Qxh1 Kd7 27. Qf3 Qg8 28. Qg4+ Kc7 29. b4 Qh7 30. c5 Kb8 31. c6 f5 32. gxf6 gxf6 33. Ng3 Bf8 34. Qf5 Qh4 35. a3 Bh6 36. Qd7 Rc7 37. Qd8+ Rc8 38. Qxd6+ Rc7 39. Qd8+ Rc8 40. c7+ Kb7 41. d6 1-0

[Event "Aragon-chT Honor GrA"]
[Site "Aragon"]
[Date "2017.02.18"]
[Round "4.3"]
[White "Lamas Mercadal, Manuel"]
[Black "Remiro Juste, Fernando Jose"]
[Result "1/2-1/2"]
[WhiteElo "2108"]
[BlackElo "2202"]
[PlyCount "67"]
[EventDate "2017.01.28"]
[EventType "team-tourn"]
[EventRounds "7"]
[EventCountry "ESP"]
[SourceTitle "EXT 2018"]
[Source "ChessBase"]
[SourceDate "2017.10.13"]
[SourceVersion "1"]
[SourceVersionDate "2017.10.13"]
[SourceQuality "1"]
[WhiteTeam "Delicias"]
[BlackTeam "Agrupacion"]
[WhiteTeamCountry "ESP"]
[BlackTeamCountry "ESP"]

1. e4 g6 2. d4 Bg7 3. Nc3 d6 4. Nf3 a6 5. Be3 b5 6. Bd3 Nd7 7. Qd2 Bb7 8. Ne2 c5 9. c3 Ngf6 10. Ng3 0-0 11. Bh6 cxd4 12. Nxd4 e6 13. 0-0 Nc5 14. Bxg7 Kxg7 15. Rfe1 Nfd7 16. Rad1 h5 17. b4 Nxd3 18. Qxd3 Ne5 19. Qe2 h4 20. Nf1 Qf6 21. h3 Rac8 22. Rc1 Rfd8 23. Nd2 Rc7 24. Qe3 Nd7 25. c4 Rdc8 26. N2b3 bxc4 27. Na5 e5 28. Ne2 d5 29. exd5 Bxd5 30. Nc3 Ba8 31. Rcd1 e4 32. Nxe4 Bxe4 33. Qxe4 c3 34. Qc2 1/2-1/2

[Event "Aragon-chT Honor GrA"]
[Site "Aragon"]
[Date "2016.03.05"]
[Round "6.16"]
[White "Cobo Garrido, Diego Israel"]
[Black "Lamas Mercadal, Manuel"]
[Result "0-1"]
[WhiteElo "2062"]
[BlackElo "2084"]
[PlyCount "88"]
[EventDate "2016.01.30"]
[EventType "team-tourn"]
[EventRounds "7"]
[EventCountry "ESP"]
[SourceTitle "EXT 2018"]
[Source "ChessBase"]
[SourceDate "2017.10.13"]
[SourceVersion "1"]
[SourceVersionDate "2017.10.13"]
[SourceQuality "1"]
[WhiteTeam "Aragon ONCE"]
[BlackTeam "Delicias"]
[WhiteTeamCountry "ESP"]
[BlackTeamCountry "ESP"]

1. e4 c5 2. Nf3 d6 3. d4 cxd4 4. Nxd4 Nf6 5. Nc3 g6 6. Be3 Bg7 7. f3 Nc6 8. Qd2 0-0 9. g4 Be6 10. Nxe6 fxe6 11. h4 Ne5 12. Be2 Rc8 13. h5 Qa5 14. hxg6 hxg6 15. 0-0-0 Rf7 16. Kb1 a6 17. Bd4 Nc6 18. Be3 Ne5 19. Bd4 Nc6 20. Be3 b5 21. Bh6 b4 22. Bxg7 Rxg7 23. Qh6 bxc3 24. Bc4 Nd8 25. Bxe6+ Nxe6 26. Qh8+ Kf7 27. Qxc8 Qb4 28. Qxc3 Qxc3 29. bxc3 Nd7 30. Rd5 Ne5 31. Ra5 Nc5 32. Ra3 Nc4 33. Rb3 Nxb3 34. cxb3 Ne5 35. Kc2 Ke6 36. Rh3 Rf7 37. Kd2 Rxf3 38. Rxf3 Nxf3+ 39. Ke3 Ne5 40. g5 Nd7 41. Kf4 Nc5 42. b4 Na4 43. c4 Nb6 44. b5 a5 0-1

[Event "Aragon-chT Honor GrA"]
[Site "Aragon"]
[Date "2016.02.13"]
[Round "3.8"]
[White "Chueca Lorente, Javier"]
[Black "Lamas Mercadal, Manuel"]
[Result "0-1"]
[WhiteElo "2092"]
[BlackElo "2084"]
[PlyCount "74"]
[EventDate "2016.01.30"]
[EventType "team-tourn"]
[EventRounds "7"]
[EventCountry "ESP"]
[SourceTitle "EXT 2018"]
[Source "ChessBase"]
[SourceDate "2017.10.13"]
[SourceVersion "1"]
[SourceVersionDate "2017.10.13"]
[SourceQuality "1"]
[WhiteTeam "St Casablanca"]
[BlackTeam "Delicias"]
[WhiteTeamCountry "ESP"]
[BlackTeamCountry "ESP"]

1. c4 e5 2. g3 Nc6 3. Bg2 Bc5 4. Nc3 a6 5. d3 d6 6. Nf3 Nge7 7. 0-0 0-0 8. e3 Ba7 9. Rb1 Bf5 10. b4 Qd7 11. b5 axb5 12. Rxb5 Rab8 13. d4 exd4 14. exd4 Bg4 15. Be3 Nf5 16. Qd3 Bxf3 17. Rxf5 Bxg2 18. Kxg2 Ne7 19. Rh5 f5 20. Bg5 Ng6 21. Nb5 Bb6 22. Qb3 Kh8 23. Rd1 Rbe8 24. Nc3 f4 25. f3 Qf7 26. g4 Re3 27. Qc2 Rfe8 28. Rd2 Ba5 29. Rd3 Bxc3 30. Qxc3 Re2+ 31. Kh3 Rxa2 32. Rd2 Re3 33. Qc1 Rxd2 34. Qxd2 Qxc4 35. Bh4 Qf1+ 36. Qg2 Rxf3+ 37. Bg3 fxg3 0-1

[Event "Aragon-chT Honor GrA"]
[Site "Aragon"]
[Date "2015.02.21"]
[Round "5.7"]
[White "Palomar Ramon, Santiago"]
[Black "Lamas Mercadal, Manuel"]
[Result "0-1"]
[WhiteElo "1949"]
[BlackElo "2127"]
[PlyCount "54"]
[EventDate "2015.01.24"]
[EventType "team-tourn"]
[EventRounds "7"]
[EventCountry "ESP"]
[SourceTitle "EXT 2017"]
[Source "ChessBase"]
[SourceDate "2016.10.25"]
[SourceVersion "1"]
[SourceVersionDate "2016.10.25"]
[SourceQuality "1"]
[WhiteTeam "San Jose"]
[BlackTeam "Delicias"]
[WhiteTeamCountry "ESP"]
[BlackTeamCountry "ESP"]

1. e4 c5 2. Nf3 d6 3. d4 cxd4 4. Nxd4 Nf6 5. Nc3 g6 6. Be3 Bg7 7. f3 Nc6 8. Qd2 0-0 9. 0-0-0 Nxd4 10. Bxd4 Be6 11. Nd5 Bxd5 12. exd5 Qd7 13. g4 Rac8 14. h4 Rc7 15. Kb1 Rfc8 16. Rc1 Qa4 17. Bxf6 Bxf6 18. c3 Rc5 19. g5 Be5 20. Bh3 R8c7 21. Rcg1 Ra5 22. a3 Bxc3 23. bxc3 Rb5+ 24. Kc1 Qxa3+ 25. Kd1 Rb1+ 26. Ke2 Rb2 27. Rc1 Rxc3 0-1

[Event "Aragon-chT Honor GrA"]
[Site "Aragon"]
[Date "2015.02.07"]
[Round "3.3"]
[White "Lamas Mercadal, Manuel"]
[Black "Ramiro Ovejero, Juan Luis"]
[Result "0-1"]
[WhiteElo "2127"]
[BlackElo "2350"]
[PlyCount "100"]
[EventDate "2015.01.24"]
[EventType "team-tourn"]
[EventRounds "7"]
[EventCountry "ESP"]
[SourceTitle "EXT 2017"]
[Source "ChessBase"]
[SourceDate "2016.10.25"]
[SourceVersion "1"]
[SourceVersionDate "2016.10.25"]
[SourceQuality "1"]
[WhiteTeam "Delicias"]
[BlackTeam "Jaime Casas"]
[WhiteTeamCountry "ESP"]
[BlackTeamCountry "ESP"]

1. e4 c6 2. d4 d5 3. Nc3 dxe4 4. Nxe4 Bf5 5. Ng3 Bg6 6. h4 h6 7. Nf3 Nd7 8. h5 Bh7 9. Bd3 Bxd3 10. Qxd3 e6 11. Bd2 Qc7 12. 0-0-0 Ngf6 13. Ne4 0-0-0 14. g3 Be7 15. Kb1 c5 16. Bf4 Qc6 17. Nxf6 Bxf6 18. d5 exd5 19. Qxd5 Ne5 20. Qxc6+ Nxc6 21. c3 Rhe8 22. Rxd8+ Bxd8 23. Re1 Rxe1+ 24. Nxe1 Bc7 25. Be3 b6 26. Kc2 Kd7 27. Nf3 Ke6 28. g4 f5 29. g5 f4 30. gxh6 gxh6 31. Bd2 c4 32. Nh4 Ne7 33. Kd1 Kf6 34. Ke2 Kg5 35. Ng2 Kg4 36. Ne1 Nd5 37. f3+ Kxh5 38. Ng2 Kg5 39. Be1 b5 40. a3 Nb6 41. Kd1 Na4 42. Kc2 Nc5 43. Bh4+ Kf5 44. Bf2 Bd6 45. Bxc5 Bxc5 46. Kd2 h5 47. Ke2 Kg5 48. Ne1 h4 49. Nc2 h3 50. Kf1 Kh4 0-1

[Event "Aragon-chT Honor GrA"]
[Site "Aragon"]
[Date "2015.01.24"]
[Round "1.7"]
[White "Lamas Mercadal, Manuel"]
[Black "Gimenez Martinez, Alberto"]
[Result "0-1"]
[WhiteElo "2127"]
[BlackElo "2158"]
[PlyCount "140"]
[EventDate "2015.01.24"]
[EventType "team-tourn"]
[EventRounds "7"]
[EventCountry "ESP"]
[SourceTitle "EXT 2017"]
[Source "ChessBase"]
[SourceDate "2016.10.25"]
[SourceVersion "1"]
[SourceVersionDate "2016.10.25"]
[SourceQuality "1"]
[WhiteTeam "Delicias"]
[BlackTeam "St Casablanca II"]
[WhiteTeamCountry "ESP"]
[BlackTeamCountry "ESP"]

1. e4 c5 2. d4 cxd4 3. c3 d5 4. exd5 Qxd5 5. cxd4 e6 6. Nc3 Qd8 7. Nf3 Nf6 8. Bd3 Be7 9. 0-0 0-0 10. Bc2 b6 11. Ne5 Bb7 12. Bg5 Nbd7 13. Re1 Nxe5 14. dxe5 Ne8 15. Qh5 g6 16. Bxe7 Qxe7 17. Qg4 Nc7 18. Re3 Nd5 19. Nxd5 Bxd5 20. Rh3 Rac8 21. Bd3 f5 22. exf6 Qxf6 23. Qh4 Qxh4 24. Rxh4 Rc7 25. h3 Rfc8 26. Kh2 Rc1 27. Rxc1 Rxc1 28. Kg3 a5 29. a3 Rd1 30. Be4 Kg7 31. Bxd5 exd5 32. Rf4 Rb1 33. b4 Rb3+ 34. Rf3 a4 35. Kf4 Kf6 36. Re3 d4 37. Re8 Rxa3 38. Rb8 Rb3 39. Rxb6+ Kg7 40. Rb7+ Kf6 41. Rb6+ Kg7 42. Rb7+ Kf6 43. b5 a3 44. Ra7 Rxb5 45. Rxa3 Rf5+ 46. Kg3 Ke6 47. f3 Kd5 48. Kf2 Rf7 49. Ke2 Rb7 50. Ra2 Rc7 51. Kd2 Ke5 52. Ra4 Rb7 53. f4+ Ke4 54. Ra2 Kxf4 55. Kd3 Rd7 56. Re2 Kg3 57. Ra2 h5 58. Rb2 g5 59. Ra2 g4 60. hxg4 hxg4 61. Rb2 Rf7 62. Kxd4 Rf2 63. Rb8 Kxg2 64. Ke3 g3 65. Rg8 Rf7 66. Ra8 Kg1 67. Ra1+ Rf1 68. Ra8 g2 69. Ke2 Rf7 70. Ke3 Rh7 0-1

[Event "Benidorm op U2300 13th"]
[Site "Benidorm"]
[Date "2014.12.02"]
[Round "5"]
[White "Lamas Mercadal, Manuel"]
[Black "Abul, Qasem"]
[Result "1-0"]
[WhiteElo "2132"]
[BlackElo "1968"]
[PlyCount "35"]
[EventDate "2014.11.28"]
[EventType "swiss"]
[EventRounds "10"]
[EventCountry "ESP"]
[SourceTitle "CBM 163 Extra"]
[Source "ChessBase"]
[SourceDate "2014.12.23"]
[SourceVersion "1"]
[SourceVersionDate "2014.12.23"]
[SourceQuality "1"]

1. e4 g6 2. d4 Bg7 3. Nc3 d6 4. f4 c5 5. dxc5 Qa5 6. cxd6 Bxc3+ 7. bxc3 Qxc3+ 8. Bd2 Qd4 9. Bd3 exd6 10. Nf3 Qc5 11. Rb1 a6 12. Qe2 Nh6 13. h3 0-0 14. f5 g5 15. Bxg5 Kg7 16. f6+ Kg6 17. Qd2 Ng8 18. Nh4+ 1-0

[Event "Benidorm op U2300 13th"]
[Site "Benidorm"]
[Date "2014.11.30"]
[Round "3"]
[White "Lamas Mercadal, Manuel"]
[Black "Serna Lara, Sergio"]
[Result "1/2-1/2"]
[WhiteElo "2132"]
[BlackElo "2230"]
[PlyCount "41"]
[EventDate "2014.11.28"]
[EventType "swiss"]
[EventRounds "10"]
[EventCountry "ESP"]
[SourceTitle "CBM 163 Extra"]
[Source "ChessBase"]
[SourceDate "2014.12.23"]
[SourceVersion "1"]
[SourceVersionDate "2014.12.23"]
[SourceQuality "1"]

1. b3 e5 2. Bb2 Nc6 3. e3 Nf6 4. Bb5 Bd6 5. Na3 a6 6. Bxc6 dxc6 7. Nc4 Qe7 8. Ne2 0-0 9. 0-0 b5 10. Nxd6 cxd6 11. f4 e4 12. Qe1 Nd5 13. a3 f5 14. Ng3 Nf6 15. Qe2 Ng4 16. h3 Qh4 17. Qe1 Nh6 18. Ne2 Qxe1 19. Raxe1 c5 20. Kf2 Be6 21. Rg1 1/2-1/2

[Event "Aragon-ch"]
[Site "Zaragoza"]
[Date "2012.08.31"]
[Round "7"]
[White "Llanes Luno, Pedro Alfredo"]
[Black "Lamas Mercadal, Manuel"]
[Result "1-0"]
[WhiteElo "2094"]
[BlackElo "2203"]
[PlyCount "139"]
[EventDate "2012.08.25"]
[EventType "swiss"]
[EventRounds "9"]
[EventCountry "ESP"]
[SourceTitle "EXT 2024"]
[Source "ChessBase"]
[SourceDate "2023.10.10"]
[SourceVersion "1"]
[SourceVersionDate "2023.10.10"]
[SourceQuality "1"]

1. e4 c5 2. Nf3 d6 3. d4 cxd4 4. Nxd4 Nf6 5. Nc3 g6 6. Be3 Bg7 7. f3 Nc6 8. Qd2 0-0 9. Bc4 Bd7 10. 0-0-0 Qa5 11. Bb3 Rfc8 12. h4 Ne5 13. h5 Rxc3 14. Qxc3 Qxc3 15. bxc3 Nxh5 16. Ne2 a6 17. g4 Nf6 18. g5 Nh5 19. f4 Ng4 20. Bb6 Bb5 21. Rd3 Bxd3 22. cxd3 h6 23. Rh4 Nxf4 24. Nxf4 hxg5 25. Rxg4 gxf4 26. Rxg6 Rc8 27. Kd2 Kf8 28. Rg4 Bxc3+ 29. Ke2 e5 30. Rh4 Kg7 31. Rh1 Bb4 32. Bf2 Bc5 33. Bh4 Rg8 34. Be7 Re8 35. Bh4 Rg8 36. Rh2 Rf8 37. Rg2+ Kh7 38. Bf6 Rg8 39. Rxg8 Kxg8 40. Bd5 b5 41. Bc6 b4 42. Kf3 Kh7 43. Kg4 Kg6 44. Be7 Kg7 45. Bb7 a5 46. Bc6 Kg6 47. Bd8 Kg7 48. Bxa5 Kg6 49. Bd7 Kg7 50. Bd8 Be3 51. Be7 Bc5 52. Be8 Kg6 53. Ba4 Kg7 54. Bb5 Kg6 55. Bc6 Kg7 56. Bd7 Kg6 57. Bf8 Kh7 58. Bf5+ Kg8 59. Bh6 Be3 60. Kf3 Bc1 61. Bg5 Be3 62. Bf6 Bc5 63. Ke2 Bd4 64. Kd2 Bc5 65. Kc2 Bd4 66. Kb3 Bc5 67. Kc4 f3 68. Bxe5 f2 69. Bh3 Kh7 70. d4 1-0

[Event "Aragon-chT Honor Descenso"]
[Site "Aragon"]
[Date "2012.04.15"]
[Round "11.25"]
[White "Lamas Mercadal, Manuel"]
[Black "Villuendas Valero, Adrian"]
[Result "0-1"]
[WhiteElo "2202"]
[BlackElo "2287"]
[PlyCount "52"]
[EventDate "2012.02.04"]
[EventType "team-tourn"]
[EventRounds "11"]
[EventCountry "ESP"]
[SourceTitle "EXT 2014"]
[Source "ChessBase"]
[SourceDate "2013.11.20"]
[SourceVersion "1"]
[SourceVersionDate "2013.11.20"]
[SourceQuality "1"]
[WhiteTeam "Delicias CCOO"]
[BlackTeam "Ramiro"]
[WhiteTeamCountry "ESP"]
[BlackTeamCountry "ESP"]

1. e4 c5 2. Nc3 e6 3. Nf3 a6 4. d4 cxd4 5. Nxd4 Qc7 6. Bd3 Nc6 7. Nxc6 bxc6 8. 0-0 Nf6 9. Qe2 d5 10. e5 Nd7 11. Bf4 Qb6 12. b3 Qd4 13. Qd2 Bb4 14. Rad1 Bxc3 15. Qc1 Qb4 16. Qe3 Qb8 17. Qh3 Bxe5 18. Bxe5 Nxe5 19. Qh5 Nd7 20. Rfe1 Nf6 21. Qg5 Kf8 22. Re3 h6 23. Qh4 e5 24. Rf3 Qd6 25. Re3 e4 26. Bxe4 g5 0-1

[Event "Zaragoza Casablanca op 5th"]
[Site "Zaragoza"]
[Date "2011.12.28"]
[Round "6"]
[White "Cobo Garrido, Diego Israel"]
[Black "Lamas Mercadal, Manuel"]
[Result "0-1"]
[WhiteElo "2039"]
[BlackElo "2202"]
[PlyCount "82"]
[EventDate "2011.12.23"]
[EventType "swiss"]
[EventRounds "9"]
[EventCountry "ESP"]
[SourceTitle "CBM 146 Extra"]
[Source "ChessBase"]
[SourceDate "2012.02.29"]
[SourceVersion "1"]
[SourceVersionDate "2012.02.29"]
[SourceQuality "1"]

1. e4 c5 2. Nf3 d6 3. d4 cxd4 4. Nxd4 Nf6 5. Nc3 g6 6. Bc4 Bg7 7. 0-0 0-0 8. Bg5 Nc6 9. Bb3 Bd7 10. Re1 Na5 11. Bd5 e6 12. Bb3 Nxb3 13. Nxb3 Bc6 14. Qd2 Qc7 15. Rad1 d5 16. e5 Ne4 17. Nxe4 dxe4 18. Bf6 Bxf6 19. exf6 Qe5 20. Qd4 Qxd4 21. Nxd4 Rac8 22. Nxc6 Rxc6 23. c3 e5 24. Rxe4 Rxf6 25. Rxe5 Rc8 26. Rd7 Rb6 27. Ree7 Rxb2 28. h4 Rf8 29. g3 Rxa2 30. Rxb7 a5 31. Ra7 a4 32. Kg2 a3 33. Rec7 h5 34. Kf3 Ra1 35. c4 a2 36. Kf4 Kg7 37. Kg5 Rd1 38. Rxa2 Rd4 39. f3 Re8 40. Ra5 Re3 41. Rd5 Rxf3 0-1

[Event "Zaragoza Casablanca op 5th"]
[Site "Zaragoza"]
[Date "2011.12.26"]
[Round "3"]
[White "Lamas Mercadal, Manuel"]
[Black "Franco Ocampos, Zenon"]
[Result "1/2-1/2"]
[WhiteElo "2202"]
[BlackElo "2505"]
[PlyCount "111"]
[EventDate "2011.12.23"]
[EventType "swiss"]
[EventRounds "9"]
[EventCountry "ESP"]
[SourceTitle "CBM 146 Extra"]
[Source "ChessBase"]
[SourceDate "2012.02.29"]
[SourceVersion "1"]
[SourceVersionDate "2012.02.29"]
[SourceQuality "1"]

1. e4 c5 2. Nc3 Nc6 3. g3 g6 4. Bg2 Bg7 5. d3 e5 6. f4 d6 7. Nf3 Nge7 8. 0-0 Nd4 9. Be3 0-0 10. Qd2 Bg4 11. Nh4 exf4 12. Bxf4 Qd7 13. Rf2 Be6 14. Bh6 d5 15. exd5 Bxd5 16. Nxd5 Nxd5 17. Bxg7 Kxg7 18. Qg5 f5 19. c3 Ne6 20. Qd2 Rad8 21. Nf3 Nf6 22. Re1 Rfe8 23. Rfe2 Nf8 24. Rxe8 Rxe8 25. Rxe8 Qxe8 26. Qe1 Qxe1+ 27. Nxe1 b6 28. Nc2 Ne6 29. Na3 Nd7 30. Kf2 Ne5 31. Ke2 g5 32. Nb5 a6 33. Nd6 Kf6 34. Bd5 Nc7 35. Bg8 h5 36. a4 Nc6 37. Bb3 Ne5 38. Nc4 Nxc4 39. Bxc4 a5 40. Ke3 Ke5 41. h4 gxh4 42. gxh4 Ne8 43. Bf7 Ng7 44. d4+ cxd4+ 45. cxd4+ Kf6 46. Bb3 f4+ 47. Kxf4 Nf5 48. Bd1 Nxh4 49. Bxh5 Nf5 50. d5 Nd6 51. Be2 Ke7 52. Ke5 Kd7 53. Bg4+ Kc7 54. Be2 Nc8 55. Ke6 Nd6 56. Bd3 1/2-1/2

[Event "Aragon-chT Honor Descenso"]
[Site "Spain"]
[Date "2011.04.09"]
[Round "10.2"]
[White "Lamas Mercadal, Manuel"]
[Black "Valiente Roy, Jose Javier"]
[Result "1-0"]
[WhiteElo "2187"]
[BlackElo "2092"]
[PlyCount "94"]
[EventDate "2011.03.26"]
[EventType "team-tourn"]
[EventRounds "11"]
[EventCountry "ESP"]
[SourceTitle "EXT 2013"]
[Source "ChessBase"]
[SourceDate "2012.11.22"]
[SourceVersion "1"]
[SourceVersionDate "2012.11.22"]
[SourceQuality "1"]
[WhiteTeam "Delicias"]
[BlackTeam "Ramiro"]
[WhiteTeamCountry "ESP"]
[BlackTeamCountry "ESP"]

1. e4 c6 2. d4 d5 3. e5 Bf5 4. Nf3 e6 5. Be2 c5 6. Be3 cxd4 7. Nxd4 Ne7 8. c4 Nbc6 9. Qa4 a6 10. Nc3 Rc8 11. Rd1 Bg6 12. 0-0 Qd7 13. cxd5 Nxd5 14. Nxd5 exd5 15. f4 Be4 16. Rc1 g6 17. Nxc6 Rxc6 18. Rxc6 Qxc6 19. Qxc6+ bxc6 20. Bxa6 c5 21. Bb7 Kd7 22. Rd1 Ke6 23. Bc8+ Ke7 24. Bxc5+ Kd8 25. Bxf8 Kxc8 26. Bd6 Kb7 27. Rc1 Rc8 28. Rxc8 Kxc8 29. Kf2 Kb7 30. g3 Kb6 31. Ke3 Bb1 32. a3 Kb5 33. Kd4 Ba2 34. g4 Kc6 35. Kc3 h5 36. gxh5 gxh5 37. b3 Bb1 38. a4 Bf5 39. b4 h4 40. b5+ Kb6 41. Kb4 d4 42. Bc5+ Kb7 43. Bxd4 h3 44. a5 Bd3 45. a6+ Kb8 46. Ka5 Bf5 47. Bc5 f6 1-0

[Event "Aragon-chT Honor II"]
[Site "Spain"]
[Date "2011.03.05"]
[Round "5.18"]
[White "Lamas Mercadal, Manuel"]
[Black "Guzman Moneo, Alberto"]
[Result "0-1"]
[WhiteElo "2187"]
[BlackElo "2170"]
[PlyCount "132"]
[EventDate "2011.02.05"]
[EventType "team-tourn"]
[EventRounds "7"]
[EventCountry "ESP"]
[SourceTitle "EXT 2013"]
[Source "ChessBase"]
[SourceDate "2012.11.22"]
[SourceVersion "1"]
[SourceVersionDate "2012.11.22"]
[SourceQuality "1"]
[WhiteTeam "Delicias"]
[BlackTeam "Shatranj"]
[WhiteTeamCountry "ESP"]
[BlackTeamCountry "ESP"]

1. e4 c5 2. Nf3 Nc6 3. d4 cxd4 4. Nxd4 e5 5. Nb5 a6 6. Nd6+ Bxd6 7. Qxd6 Qf6 8. Qd1 Qg6 9. Nc3 d5 10. Nxd5 Qxe4+ 11. Ne3 Nge7 12. Bd3 Qh4 13. 0-0 0-0 14. g3 Qh3 15. Be4 Rd8 16. Qe1 Qh5 17. f4 exf4 18. Rxf4 Ng6 19. Rf2 Re8 20. Bf3 Qc5 21. Qc3 Qxc3 22. bxc3 Nge5 23. Bd5 Be6 24. c4 Rac8 25. Bb2 Rc7 26. Rb1 Ng4 27. Nxg4 Bxg4 28. Rf4 Bh5 29. Rbf1 Bg6 30. h4 h5 31. g4 Nb4 32. gxh5 Bxh5 33. Rf5 Bg6 34. R5f2 Nxd5 35. cxd5 Re4 36. Rh2 Rg4+ 37. Rg2 Rxg2+ 38. Kxg2 Rxc2+ 39. Rf2 Be4+ 40. Kg3 Rxf2 41. Kxf2 Bxd5 42. a4 a5 43. Bc3 Bc6 44. Bxa5 Bxa4 45. Ke3 Kh7 46. Kf4 Kg6 47. Bc3 f6 48. Bb4 Bc6 49. Bf8 Ba4 50. Bc5 b5 51. Bf8 Bd1 52. Kg3 Kf7 53. Bb4 Ke6 54. Kf4 Kd5 55. Bf8 g6 56. Ke3 Ke5 57. Be7 Ke6 58. Bb4 Kf5 59. Kd4 Kg4 60. Be1 Kf3 61. Bc3 f5 62. Ke5 Kg4 63. Be1 f4 64. Ke4 Bc2+ 65. Kd4 Kf3 66. Kc5 Ke2 0-1

[Event "Aragon-chT Honor II"]
[Site "Spain"]
[Date "2011.02.19"]
[Round "3.18"]
[White "Lamas Mercadal, Manuel"]
[Black "Veras Sanz, Marino"]
[Result "1-0"]
[WhiteElo "2187"]
[BlackElo "2051"]
[PlyCount "65"]
[EventDate "2011.02.05"]
[EventType "team-tourn"]
[EventRounds "7"]
[EventCountry "ESP"]
[SourceTitle "EXT 2013"]
[Source "ChessBase"]
[SourceDate "2012.11.22"]
[SourceVersion "1"]
[SourceVersionDate "2012.11.22"]
[SourceQuality "1"]
[WhiteTeam "Delicias"]
[BlackTeam "Olivar II"]
[WhiteTeamCountry "ESP"]
[BlackTeamCountry "ESP"]

1. e4 d6 2. d4 Nf6 3. Nc3 Nbd7 4. Nf3 e5 5. Bc4 Be7 6. 0-0 0-0 7. Re1 c6 8. a4 b6 9. b3 a6 10. Bb2 Bb7 11. Qd2 b5 12. axb5 axb5 13. Bd3 Qb6 14. Ne2 Rfd8 15. Ng3 c5 16. Nf5 Bf8 17. Qg5 cxd4 18. Nh6+ Kh8 19. Nxf7+ Kg8 20. Nxd8 Rxd8 21. Qd2 Nc5 22. Qa5 Qxa5 23. Rxa5 Bxe4 24. Bxe4 Ncxe4 25. Rxb5 Rc8 26. Re2 Ra8 27. Ne1 Ra2 28. f3 Nc5 29. Nd3 Nxd3 30. cxd3 Nd7 31. b4 e4 32. fxe4 Ne5 33. Ra5 1-0

[Event "Aragon-chT Preferente"]
[Site "Spain"]
[Date "2010.03.28"]
[Round "11.2"]
[White "Glavina, Pablo"]
[Black "Lamas Mercadal, Manuel"]
[Result "1-0"]
[WhiteElo "2478"]
[BlackElo "2211"]
[PlyCount "81"]
[EventDate "2010.01.23"]
[EventType "team-swiss"]
[EventRounds "12"]
[EventCountry "ESP"]
[SourceTitle "EXT 2013"]
[Source "ChessBase"]
[SourceDate "2012.11.22"]
[SourceVersion "1"]
[SourceVersionDate "2012.11.22"]
[SourceQuality "1"]
[WhiteTeam "St Casablanca"]
[BlackTeam "Delicias"]
[WhiteTeamCountry "ESP"]
[BlackTeamCountry "ESP"]

1. Nf3 c5 2. g3 Nc6 3. Bg2 g6 4. c4 Bg7 5. Nc3 Nf6 6. d4 cxd4 7. Nxd4 Nxd4 8. Qxd4 0-0 9. 0-0 d6 10. Qd2 Qb6 11. b3 Bd7 12. Bb2 Bc6 13. e4 Rfe8 14. Rfe1 Nd7 15. Nd5 Bxd5 16. Bxg7 Kxg7 17. exd5 a5 18. Re3 a4 19. Rae1 axb3 20. axb3 Nf6 21. Qb2 Qb4 22. R1e2 Qa3 23. Qd2 b6 24. Re1 Ra7 25. b4 Qa2 26. Qd4 Qa6 27. g4 Kg8 28. g5 Nh5 29. Re4 Rc7 30. Bh3 Ng7 31. R1e3 Nf5 32. Bxf5 gxf5 33. Rh4 Ra8 34. Kg2 Qa1 35. Qd3 Qg7 36. Qxf5 Qg6 37. Qxg6+ fxg6 38. Reh3 Ra4 39. Rxh7 Rxb4 40. Rh8+ Kf7 41. R3h7# 1-0

[Event "Aragon-chT Preferente"]
[Site "Spain"]
[Date "2010.03.13"]
[Round "8.21"]
[White "Lamas Mercadal, Manuel"]
[Black "Gracia Campo, Carlos Alberto"]
[Result "1-0"]
[WhiteElo "2211"]
[BlackElo "2095"]
[PlyCount "89"]
[EventDate "2010.01.23"]
[EventType "team-swiss"]
[EventRounds "12"]
[EventCountry "ESP"]
[SourceTitle "EXT 2013"]
[Source "ChessBase"]
[SourceDate "2012.11.22"]
[SourceVersion "1"]
[SourceVersionDate "2012.11.22"]
[SourceQuality "1"]
[WhiteTeam "Delicias"]
[BlackTeam "El Olivar II"]
[WhiteTeamCountry "ESP"]
[BlackTeamCountry "ESP"]

1. e4 d6 2. d4 Nf6 3. Nc3 g6 4. Nf3 Bg7 5. Be3 0-0 6. Qd2 c6 7. Bd3 b5 8. Bh6 Nbd7 9. a4 b4 10. Ne2 Qa5 11. Bxg7 Kxg7 12. 0-0 c5 13. e5 Nd5 14. Qg5 cxd4 15. Nexd4 Nxe5 16. Nxe5 dxe5 17. Qxe5+ f6 18. Qe4 e5 19. Nb3 Qd8 20. Rad1 Nc7 21. Qxb4 a5 22. Qe1 Qe8 23. Nxa5 Qxa4 24. Nc4 Rb8 25. f4 exf4 26. Rxf4 Nd5 27. Rf2 Re8 28. Re2 Bg4 29. Ra1 Rxe2 30. Bxe2 Qxc2 31. Ra7+ Kf8 32. Qg3 Rd8 33. Qxg4 Qc1+ 34. Kf2 Re8 35. Qf3 Nf4 36. Ra8 Nd3+ 37. Qxd3 Rxa8 38. Qe3 Qc2 39. Qc5+ Kg7 40. Qe7+ Kg8 41. Qe6+ Kg7 42. b4 Qc3 43. Qe7+ Kg8 44. Ne3 Ra1 45. Bc4+ 1-0